000 01741nam a22001577a 4500
999 _c521933
_d521933
008 230303b ||||| |||| 00| 0 eng d
100 _aNarang, R.K.
_938187
245 _a‘Anusandhan’-led ‘Atmanirbhar’ UAS industry in India
260 _aJournal of Defense Studies
300 _a16(4), Oct-Dec, 2022: p.50-86
520 _aPolicy and technology initiatives are important pillars for building high-value, high-technology industries. Information technology and automobile industries, despite their contribution to Indian economy, have remained relatively low-value industries as maximum profits go to foreign companies. The Indian unmanned aircraft systems (UAS) industry, led by start-ups and micro, small and medium enterprises (MSMEs), has the potential to change the trajectory and become intellectual property-led high-value industry. The Drone Rules, 2021, notified on 25 August, has set into motion a series of policy reforms, providing muchneeded stimulus to the Indian UAS industry. India is aiming to become a global drone hub by 2030; however, its UAS manufacturing industry faces certain challenges and policy implementation contradictions. An examination of technological initiatives taken by global leaders in UAS technologies and lack of corresponding initiatives in India indicates significant technological gaps. Therefore, ‘anusandhan’ (research) becomes an important pillar for covering these gaps and building a selfreliant high-technology, high-value globally competitive UAS industry in India. – Reproduced
650 _aAmrit Kaal, Anusandhan (research), Atmarnirbhar (selfreliant), Drone Hub-2030, India, UAS.
_936370
773 _aJournal of Defense Studies
906 _aRESEARCH
942 _cAR